000 00299nam a2200109Ia 4500
008 171204s9999 xx 000 0 und d
245 _aOld China's New Economy:
245 _cT K Bhaumik
260 _c2009
650 _xPolitics and Sociology
856 _uhttp://down.ebook777.com/063/8178298627.pdf
999 _c345600
_d345600